Land vs. Land #129 - Statistiken

Allgemein
  • Dieses Quiz wurde 12 mal gespielt
  • Das Durchschnittsergebnis liegt bei 9 aus 14
Antwortstatistiken
Frage Antwort % Korrekt
...Fläche? Schweden🇸🇪
100%
...Einwohner? Niederlande🇳🇱
90%
...Exportmengen? Niederlande🇳🇱
90%
...Gesundheitswesen? Schweden🇸🇪
90%
...Tourismus? Niederlande🇳🇱
80%
...Lebenserwartung? Schweden🇸🇪
80%
...Bruttoinlandsprodukt? Niederlande🇳🇱
70%
...Militär? Niederlande🇳🇱
70%
...HDI (Human Development Index)? Schweden🇸🇪
70%
...Bruttoinlandsprodukt pro Kopf? Niederlande🇳🇱
60%
...durchschnittlicher IQ? Niederlande🇳🇱
60%
...Gewinner? Niederlande🇳🇱
40%
...Frieden? Niederlande🇳🇱
30%
...Happy Planet Index? Niederlande🇳🇱
10%
Keine übereinstimmenden Quizze gefunden
Verteilung der Resultate
Anzahl Personen mit jedem Resultat
Perzentil nach korrekt beantworteten Fragen
Ihre Resultats-Entwicklung
Sie haben dieses Quiz noch nicht gespielt